根据城区地形地图写出甘肃各地市 Gansu cities on urban topographic map - Statistics

General Stats
  • This quiz has been taken 16 times
  • The average score is 9 of 14
Answer Stats
Picture Answer % Correct
天水
92%
庆阳
85%
兰州
85%
武威
77%
定西
69%
金昌
69%
白银
62%
临夏
62%
酒泉
62%
陇南
62%
平凉
62%
嘉峪关
54%
合作
54%
张掖
54%
No matching quizzes found
Score Distribution
Percent of People with Each Score
Percentile by Number Answered
Your Score History
You have not taken this quiz